INTRODUCTION TO THE SCIENCES OF HADITH : (Record no. 204473)
[ view plain ]
| 000 -LEADER | |
|---|---|
| fixed length control field | 01178nam a2200289 i 4500 |
| 005 - DATE AND TIME OF LATEST TRANSACTION | |
| control field | 20260526155000.0 |
| 008 - FIXED-LENGTH DATA ELEMENTS--GENERAL INFORMATION | |
| fixed length control field | 260526s2025 my er o 1 k eng |
| 020 ## - INTERNATIONAL STANDARD BOOK NUMBER | |
| International Standard Book Number | 9786297748672 |
| Terms of availability | RM 52.00 |
| Qualifying information | paperback |
| 040 ## - CATALOGING SOURCE | |
| Original cataloging agency | PPAK |
| Language of cataloging | eng |
| Transcribing agency | PPAK |
| Description conventions | rda |
| 082 00 - DEWEY DECIMAL CLASSIFICATION NUMBER | |
| Edition number | 23 |
| Classification number | 297.265 |
| 090 00 - LOCALLY ASSIGNED LC-TYPE CALL NUMBER (OCLC); LOCAL CALL NUMBER (RLIN) | |
| Classification number (OCLC) (R) ; Classification number, CALL (RLIN) (NR) | 297.265 |
| Feature heading | SYE |
| Feature heading | G |
| 100 0# - MAIN ENTRY--PERSONAL NAME | |
| Personal name | Syed Abdul Majid Ghouri, |
| Dates associated with a name | 1978- |
| Relator term | author. |
| 245 10 - TITLE STATEMENT | |
| Title | INTRODUCTION TO THE SCIENCES OF HADITH : |
| Remainder of title | A Classical Perspective with Relevant Examples / |
| Statement of responsibility, etc. | SYED ABDUL MAJID GHOURI ; Managing Editor: Fatin Huwaina Ahmad ; Designer: Nuraznita Abdullah |
| 264 #1 - PRODUCTION, PUBLICATION, DISTRIBUTION, MANUFACTURE, AND COPYRIGHT NOTICE | |
| Place of production, publication, distribution, manufacture | Nilai, Negeri Sembilan : |
| Name of producer, publisher, distributor, manufacturer | USIM Press, |
| Date of production, publication, distribution, manufacture, or copyright notice | 2025 |
| 300 ## - PHYSICAL DESCRIPTION | |
| Extent | x, 230 pages ; |
| Dimensions | 24 cm |
| 336 ## - CONTENT TYPE | |
| Content type term | text |
| Source | rdacontent |
| 337 ## - MEDIA TYPE | |
| Media type term | unmediated |
| Source | rdamedia |
| 338 ## - CARRIER TYPE | |
| Carrier type term | volume |
| Source | rdacarrier |
| 500 ## - GENERAL NOTE | |
| General note | Contains verses from the Qur'an and quotes from the Hadith |
| 504 ## - BIBLIOGRAPHY, ETC. NOTE | |
| Bibliography, etc. note | Includes bibliographical references and index |
| 650 10 - SUBJECT ADDED ENTRY--TOPICAL TERM | |
| Topical term or geographic name entry element | Islam and science |
| Topical term or geographic name entry element | Hadith |
| General subdivision | Criticism, interpretation, etc. |
| Topical term or geographic name entry element | Government publications |
| Geographic subdivision | Malaysia |
| 700 0# - ADDED ENTRY--PERSONAL NAME | |
| Personal name | Fatin Huwaina Ahmad, |
| Relator term | editor. |
| Personal name | Nuraznita Abdullah, |
| Relator term | illustrator. |
| 942 ## - ADDED ENTRY ELEMENTS (KOHA) | |
| Source of classification or shelving scheme | Dewey Decimal Classification |
| Koha item type | Book |
No items available.